| 000 | 00417nam a22001457a 4500 | ||
|---|---|---|---|
| 008 | 250915b |||||||| |||| 00| 0 eng d | ||
| 020 | _a9780141998916 | ||
| 050 |
_aQC981.8 _b.H39 |
||
| 100 | _aHawken Paul | ||
| 245 | _aRegeneration ending the climate crisis in one generation | ||
| 260 |
_aDublin _bpenguin random house _c2021 |
||
| 300 |
_aiv,256p. _bill. |
||
| 650 |
_aGlobal warning _vclimate change |
||
| 942 | _cBK | ||
| 999 |
_c4482 _d4482 |
||